| 000 | 00704 a2200205 4500 | ||
|---|---|---|---|
| 020 | _a8120321863 | ||
| 035 | _a(OCoLC)ocm56960832 | ||
| 040 |
_aDLC _bDLC |
||
| 100 | 1 | _aRajasekaran, S. | |
| 245 | 1 | 0 |
_aNeural networks, fuzzy logic, and genetic algorithms : synthesis and applications _cS. Rajasekaran, G.A. Vijayalakshmi Pai. |
| 250 | _aEastern economy ed. | ||
| 260 |
_aNew Delhi : _bPrentice-Hall of India, _c2003. |
||
| 300 |
_axvi, 439 p. : _bill. ; _c24 cm. + _e1 CD-ROM (4 3/4 in.) |
||
| 650 | 0 | _aSoft computing. | |
| 650 | 0 | _aNeural networks (Computer science) | |
| 650 | 0 | _aFuzzy logic. | |
| 650 | 0 | _aGenetic algorithms. | |
| 700 | 1 | _aPai, G. A. Vijayalakshmi. | |
| 942 |
_cBK _k 006.3 RAJ _2ddc |
||
| 999 |
_c9434 _d9434 |
||